000 00633nam a2200253 a 4500
003 AR-BaBNM
005 20251128204457.0
008 082120s2002 ||||||||||||||000 | spa||
040 _cAR-BaBNM
100 1 _aBoberg, A.M.
245 0 0 _aMacramé
260 _aBuenos Aires
_bKapelusz
_c1993
300 _a95 p.
_bil., láms.
490 0 _aCómo hacer
650 4 _aARTESANIAS
650 4 _aEDUCACION ARTISTICA
650 4 _aARTES TEXTILES
653 _aEDUCACION PRIMARIA
653 _aTRABAJO MANUAL
700 1 _aSvennás, E.
700 1 _aRasmussen de Bengtsson, Lilian
_etraductor
942 _cBK
998 _cEnrique
999 _c7575
_d7575